000 00583nam a2200205Ia 4500
005 20250923144806.0
008 008 250917s9999 xx 000 0 eng d
037 _aTextual
040 _aDSWL
_beng
_cDSWL
041 _aeng
_2eng
084 _aW:28.21'N39, N40
_qDSWL
100 _aSanyasi, Shraddhananda
_9828461
245 0 _aHindu sangathan saviour of the dying race
_cby Shraddhananda Sanyasi
260 _b.
_c1926
300 _a141p.
365 _aINR
_b4
925 _g4
942 _cTEXL
_hW:28.21'N39, N40
999 _c1443391
_d1443391